Twenty-first century Leeds (Record no. 104878)

MARC details
000 -LEADER
fixed length control field 01024cam a2200217 4500
001 - CONTROL NUMBER
control field ##L131861
008 - FIXED-LENGTH DATA ELEMENTS--GENERAL INFORMATION
fixed length control field 051213n2004 000 0 eng u
020 ## - INTERNATIONAL STANDARD BOOK NUMBER
International Standard Book Number 0853162425
035 ## - SYSTEM CONTROL NUMBER
System control number (Sirsi) u131861
041 0# - LANGUAGE CODE
Language code of text/sound track or separate title eng
050 04 - LIBRARY OF CONGRESS CALL NUMBER
Classification number 711.4 $2 18
100 1# - MAIN ENTRY--PERSONAL NAME
Personal name Unsworth, Rachael
245 ## - TITLE STATEMENT
Title Twenty-first century Leeds
Remainder of title geographies of a regional city
260 ## - PUBLICATION, DISTRIBUTION, ETC.
Place of publication, distribution, etc. Leeds
Name of publisher, distributor, etc. Leeds University Press
Date of publication, distribution, etc. 2004
300 ## - PHYSICAL DESCRIPTION
Extent ix, 394p.
Other physical details ill
Dimensions 30cm.
520 ## - SUMMARY, ETC.
Summary, etc. A study of Leeds: its people, economy, fabric and the built and natural environment. Gives a rich portrait of a major regional city that shows areas of great dynamism and of poverty and deprivation. Identifies several challenges in improving the fabric and functioning of the city. Chapters include:- Housing supply and demand, Accommodating financial and business services, Land use planning and urban design.
650 ## - SUBJECT ADDED ENTRY--TOPICAL TERM
Topical term or geographic name entry element LEEDS
690 ## - LOCAL SUBJECT ADDED ENTRY--TOPICAL TERM (OCLC, RLIN)
Topical term or geographic name as entry element PROPERTY-PROPERTY DEVELOPMENT-SUSTAINABLE PROPERTY DEVELOPMENT
700 1# - ADDED ENTRY--PERSONAL NAME
Personal name Stillwell, John
Relator term Editor
942 ## - ADDED ENTRY ELEMENTS (KOHA)
Suppress in OPAC 0
Holdings
Withdrawn status Lost status Source of classification or shelving scheme Damaged status Not for loan Home library Current library Shelving location Date acquired Total Checkouts Full call number Barcode Date last seen Copy number Price effective from Koha item type
    Dewey Decimal Classification     London London Folio 13/12/2005   F711.4 TWE 30070679 06/08/2019 1 06/08/2019 Book